The Rookie season 1 - Statistics

General Stats
  • This quiz has been taken 2,536 times
  • The average score is 10 of 15
Answer Stats
Hint Answer % Correct
Who was Jackson's Training officer? Angela Lopez
97%
How many episodes are in season 1? 20
96%
Who made their first arrest before shift in episode 1? Lucy Chen
93%
what year did the first episode of The Rookie come out? 2018
90%
Who was Lucy Chen's training officer? Tim Bradford
89%
What was Tim Bradford's wife name? Isabel
87%
Who was the oldest Rookie? John Nolan
83%
What is the watch commanders name? Sergeant Wade Grey
83%
Who says I've been shot were are we boot? Bradford
67%
Who was John Nolan's training officer? Bishop
64%
Who is Jackson Wests dad? Percy West
62%
What made John Nolan want to be a Cop? A bank robbery
61%
What is the Captains name? Anderson
58%
Who killed Zoey Anderson? Cole Midas
16%
How did Tim Bradford get shot in the first episode? going after a suspect
1%
No matching quizzes found
Score Distribution
Percent of People with Each Score
Percentile by Number Answered
Your Score History
You have not taken this quiz